ბათუმის შოთა რუსთაველის სახელმწიფო უნივერსიტეტის ბიბლიოთეკა

ჩანაწერი Uniform Title

ჩანაწერთა რაოდენობა, რომელიც გამოყენებულია: 1

001 - CONTROL NUMBER

  • control field: 12402

003 - CONTROL NUMBER IDENTIFIER

  • control field: GE_BSU

005 - DATE AND TIME OF LATEST TRANSACTION

  • control field: 20210904144230.0

008 - FIXED-LENGTH DATA ELEMENTS

  • fixed length control field: 210904|| aca||aabn | a|a d

040 ## - CATALOGING SOURCE

  • Original cataloging agency: GE_BSU
  • Transcribing agency: GE_BSU

130 ## - HEADING--UNIFORM TITLE

  • Uniform title: UNIX (Computer file)

670 ## - SOURCE DATA FOUND

  • Source citation: Work cat.: (GE_BSU)0: UNIX and Linux system administration handbook /, c2011.